Responses for show #5637 - Tuesday, February 24, 2009

Contestants

Jorge Rivero, a contamination control technician from Sunrise, Florida

Kelly Rabin, an actuary from Issaquah, Washington

Kenneth Burns, a newspaper editor from Madison, Wisconsin (whose 1-day cash winnings total $21,600)

Jeopardy! Round responses

DEATH OF A PRESIDENT
AS LISTED IN THE S.I. ALMANAC
DRINK, SKIN CARE ITEM OR R&B SINGER
AROUND THE WORLD
BUSINESS & INDUSTRY
COLORFUL TERMS
    $200 1
JFK

Kelly
    $200 17
Muhammad Ali

Jorge
    $200 8
a drink

Jorge
    $200 13
Mount Everest

Kenneth
    $200 2
(Jorge: What is de las montaƱas?)

Del Monte

Jorge
Triple Stumper
    $200 16
amber

Jorge
    $400 4
John Adams

Kelly
    $400 18
[ERRATUM: DiMaggio played on 10 World Series teams, but only 9 Series winners.]

(Joe) DiMaggio

Kelly
    $400 9
a drink

Kelly
    $400 14
the Mississippi River

Kenneth
    $400 3
RadioShack

Jorge
    $400 25
pink

Kenneth
    $600 5
(Jorge: Who was LBJ?)
(Kenneth: Who is Truman?)

Dwight David Eisenhower

KennethJorge
Triple Stumper
    $600 21
Pele

Kelly
    $600 10
R&B singer

Kenneth
    $1,400 15
(Kenneth: What is Indonesia?)

New Zealand

Kenneth
    $600 22
American Express

Kenneth
    $600 26
scarlet

Kenneth
    $800 6
Garfield

Kelly
    $800 28
(Arthur) Ashe

Kelly
    $800 11
skin care item

Kenneth
    $800 19
Antarctica

Kelly
    $800 23
a parent (or holding) company

Kelly
    $800 27
yellow

Jorge
    $1000 7
Andrew Jackson

Kelly
    $1000 30
(Greg) Norman

Kelly
    $1000 12
an R&B singer

Jorge
    $1000 20
Indonesia

Jorge
    $1000 24
Smucker's

Kenneth
    $1000 29
green

Kelly

Scores at the first commercial break (after clue 15):

Kenneth Kelly Jorge
$0 $2,800 $800

Scores at the end of the Jeopardy! Round:

Kenneth Kelly Jorge
$2,600 $8,200 $3,000

Double Jeopardy! Round responses

HAVE A HEART WITH DR. OZ
ANIMATED VOICES
THE MUSIC MAN'S INSTRUMENT
(Alex: The instrument he's most famous for playing.)
FUN STUFF
IN THE NAVY
"C" DUTY
    $400 12
(Alex: And I know you don't want to see a close-up of that again.)

the tricuspid

Triple Stumper
    $400 11
(Jay) Leno

Kelly
    $400 6
the saxophone

Kelly
    $400 13
a hot air balloon

Kelly
    $400 19
an aircraft carrier

Jorge
    $400 4
colleges

Jorge
    $800 18
a pacemaker

Kelly
    $800 27
Al Gore

Jorge
    $800 5
clarinet

Kenneth
    $800 14
pig

Kenneth
    $800 20
rear admiral (lower half)

Kelly
    $800 7
Cadillac

Triple Stumper
    $1,500 24
the carotid arteries

Jorge
    $1200 28
Kelsey Grammer

Kelly
    $1200 3
the trumpet

Kelly
    $2,000 15
(Kenneth: What are elevators?)

kites

Kenneth
    $1200 21
Pearl Harbor

Kelly
    $1200 8
conjunctivitis

Kenneth
    $1600 25
an angina

Kenneth
    $1600 29
Tom Petty

Kenneth
    $1600 2
the violin

Jorge
    $1600 16
51

Triple Stumper
    $1600 22
captain

Triple Stumper
    $1600 9
(Jorge: What is the...[no response].)

the Centaur

Jorge
Triple Stumper
    $2000 26
a stent

Jorge
    $2000 30
David Bowie

Jorge
    $2000 1
(Jorge: What is a xylophone?)

vibraphone

KennethJorge
    $2000 17
Gran Turismo

Jorge
    $2000 23
demolition

Jorge
    $2000 10
Caravaggio

Triple Stumper

Scores at the end of the Double Jeopardy! Round:

Kenneth Kelly Jorge
$8,600 $14,600 $12,100

[wagering suggestions for these scores]

Final Jeopardy! Round responses

AMERICAN NOVELISTS
KennethWho is Hemingway
$8,600
JorgeWho is E. Hemingway
$6,000
KellyWho is F. Scott Fitzgerald?
$9,601
Ernest Hemingway

Final scores:

Kenneth Kelly Jorge
$17,200 $4,999 $18,100
2nd place: $2,000 3rd place: $1,000 New champion: $18,100

Game dynamics:

Coryat scores:

Kenneth Kelly Jorge
$12,000 $14,600 $11,800
14 R,
3 W
(including 2 DDs)
20 R,
0 W
16 R
(including 1 DD),
4 W

Combined Coryat: $38,400

The J! Archive is created by fans, for fans. The Jeopardy! game show and all elements thereof, including but not limited to copyright and trademark thereto, are the property of Jeopardy Productions, Inc. and are protected under law. This website is not affiliated with, sponsored by, or operated by Jeopardy Productions, Inc. Join the discussion at JBoard.tv.